Tvoříme a publikujeme odborné texty

Salvato in:
Dettagli Bibliografici
Autore principale: Široký, Jan
Natura: Libro
Lingua:ceco
Pubblicazione: Brno Computer Press 2011
Soggetti:
Tags: Aggiungi Tag
Nessun Tag, puoi essere il primo ad aggiungerne!!

MARC

LEADER 00000nam a2200000 4500
001 0142613
005 20240315114732.0
020 |a 978-80-251-3510-5 
041 0 |a cze 
044 |a CZ 
245 1 0 |a Tvoříme a publikujeme odborné texty  |c Jan Široký a kolektiv 
264 1 |a Brno  |b Computer Press  |c 2011 
300 |a 208 s. 
610 2 0 |a práce kvalifikačné 
610 2 0 |a články 
610 2 0 |a práce diplomové 
610 2 0 |a projekty 
610 2 0 |a práce výskumné 
610 2 0 |a poradenstvo profesionálne 
610 2 0 |a odbornosť 
610 2 0 |a metodika 
610 2 0 |a analýzy 
610 2 0 |a legislatíva 
610 2 0 |a právo autorské 
610 2 0 |a klasifikácia 
100 1 |a Široký, Jan